000 00326nam a2200133Ia 4500
008 231129s9999||||xx |||||||||||||| ||spa||
020 _a84-7530-276-9
040 _bspa
082 _aF841 M678m
100 _aMistral Frederic
245 0 _aMireio
264 _aOrbis
942 _2ddc
_cBKS
999 _c21246
_d21246